000 00754cam a22002653a 4500
001 32465
003 PGUSA
005 20140828083713.0
008 100521s2010||||xxu|||||s|||||000 1 eng d
040 _aPGUSA
_beng
042 _adc
050 4 _aPS
100 1 _aMarsh, George P.
_q(George Perkins),
_d1801-1882
245 1 4 _aThe Whelps of the Wolf
_h[electronic resource] /
_cGeorge P. Marsh
260 _bProject Gutenberg,
_c2010
506 _aPublic domain in the USA.
516 _aElectronic text
653 _aTrappers -- Fiction
653 _aSled dogs -- Fiction
653 _aCanada -- Fiction
653 _aAdventure stories
830 0 _aProject Gutenberg
_v32465
856 4 0 _uhttp://www.gutenberg.org/ebooks/32465
942 _cEB
999 _c261720
_d261720